[Event "Gora Sw Anny op 4th"]
[Site "Gora Sw Anny"]
[Date "2011.02.15"]
[Round "5"]
[White "Matuszewski, Michal"]
[Black "Pietroczuk, Roman"]
[Result "1-0"]
[WhiteElo "2357"]
[BlackElo "1981"]
[PlyCount "65"]
[EventDate "2011.02.12"]
[EventType "swiss"]
[EventRounds "9"]
[EventCountry "POL"]
[SourceTitle "CBM 140 Extra"]
[Source "ChessBase"]
[SourceDate "2011.03.01"]
[SourceVersion "1"]
[SourceVersionDate "2011.03.01"]
[SourceQuality "1"]

1. d4 Nf6 2. c4 g6 3. Nc3 Bg7 4. e4 0-0 5. Nf3 d6 6. Be2 Na6 7. 0-0 c5 8. d5 Nc7 9. h3 a6 10. a4 Rb8 11. Bf4 Bd7 12. e5 Nfe8 13. Qb3 b5 14. exd6 Nxd6 15. axb5 axb5 16. Ne5 bxc4 17. Qc2 Rb4 18. Rfd1 Qc8 19. Ra5 Nb7 20. Ra7 Nd6 21. Na2 Rb7 22. Rxb7 Nxb7 23. Nxc4 Ne8 24. Nc3 Ned6 25. Ne5 Rd8 26. Ba6 Be8 27. Qe2 Qf5 28. Bg3 Ra8 29. Nc6 Bxc6 30. dxc6 Nd8 31. c7 Ne6 32. Bxd6 exd6 33. c8Q+ 1-0

[Event "Polanica Zdroj op-B 44th"]
[Site "Polanica Zdroj"]
[Date "2008.08.28"]
[Round "10"]
[White "Pietroczuk, Roman"]
[Black "Tarnowska, Aleksandra"]
[Result "1-0"]
[WhiteElo "2034"]
[BlackElo "1718"]
[PlyCount "97"]
[EventDate "2008.08.19"]
[EventType "swiss"]
[EventRounds "10"]
[EventCountry "POL"]
[SourceTitle "EXT 2009"]
[Source "ChessBase"]
[SourceDate "2008.11.26"]
[SourceVersion "1"]
[SourceVersionDate "2008.11.26"]
[SourceQuality "1"]

1. d4 d5 2. Nf3 Nf6 3. Bg5 e6 4. e3 Be7 5. Bd3 0-0 6. 0-0 h6 7. Bh4 Nbd7 8. Nbd2 c5 9. c3 b6 10. Qe2 c4 11. Bc2 Bb7 12. Ne5 Nxe5 13. dxe5 Nd7 14. Bg3 Bh4 15. f4 Bxg3 16. hxg3 Qc7 17. Qh5 Nc5 18. g4 Ne4 19. Nxe4 dxe4 20. g5 hxg5 21. Qxg5 f6 22. exf6 Rxf6 23. Rad1 Raf8 24. Rf2 Rf5 25. Qg6 R5f6 26. Qg4 Qc8 27. g3 e5 28. Qxc8 Bxc8 29. Bxe4 exf4 30. Bd5+ Be6 31. gxf4 Bxd5 32. Rxd5 Re6 33. Rf3 Rg6+ 34. Kf2 Kf7 35. Rg3 Rxg3 36. Kxg3 Ke6 37. e4 g6 38. Kg4 a6 39. Kg5 Rg8 40. Rd2 b5 41. Rh2 a5 42. Rd2 b4 43. Rd5 bxc3 44. bxc3 Kf7 45. Rxa5 Rh8 46. Ra7+ Ke6 47. Ra6+ Kf7 48. Rxg6 Ra8 49. Rc6 1-0

[Event "Polanica Zdroj op-B 44th"]
[Site "Polanica Zdroj"]
[Date "2008.08.25"]
[Round "7"]
[White "Adamowicz, Maciej"]
[Black "Pietroczuk, Roman"]
[Result "1/2-1/2"]
[WhiteElo "1790"]
[BlackElo "2034"]
[PlyCount "45"]
[EventDate "2008.08.19"]
[EventType "swiss"]
[EventRounds "10"]
[EventCountry "POL"]
[SourceTitle "CBM 126 Extra"]
[Source "ChessBase"]
[SourceDate "2008.11.05"]
[SourceVersion "1"]
[SourceVersionDate "2008.11.05"]
[SourceQuality "1"]

1. e4 c5 2. Nf3 a6 3. c4 Nc6 4. Nc3 e5 5. d3 d6 6. Be2 f5 7. 0-0 Be7 8. Nd5 Nf6 9. Nd2 f4 10. g3 fxg3 11. fxg3 0-0 12. Bf3 Nd4 13. Nxf6+ Bxf6 14. Bg2 Bg5 15. Rxf8+ Qxf8 16. Nb3 Bxc1 17. Rxc1 Bd7 18. Nxd4 exd4 19. Qh5 Bc6 20. Rf1 Qe7 21. Bh3 Re8 22. Rf4 g6 23. Qf3 1/2-1/2

[Event "Polanica Zdroj op-B 44th"]
[Site "Polanica Zdroj"]
[Date "2008.08.20"]
[Round "2"]
[White "Pietroczuk, Roman"]
[Black "Mucha, Magdalena"]
[Result "0-1"]
[WhiteElo "2034"]
[BlackElo "1784"]
[PlyCount "78"]
[EventDate "2008.08.19"]
[EventType "swiss"]
[EventRounds "10"]
[EventCountry "POL"]
[SourceTitle "CBM 126 Extra"]
[Source "ChessBase"]
[SourceDate "2008.11.05"]
[SourceVersion "1"]
[SourceVersionDate "2008.11.05"]
[SourceQuality "1"]

1. d4 f5 2. Nf3 Nf6 3. c4 g6 4. Nc3 Bg7 5. Bg5 d6 6. e3 0-0 7. Be2 a6 8. 0-0 Qe8 9. Qb3 Kh8 10. d5 Nbd7 11. Rad1 Nc5 12. Qc2 e5 13. dxe6 Bxe6 14. h3 Qf7 15. b3 Rae8 16. Bf4 h6 17. Nd4 Nfe4 18. Nxe4 Nxe4 19. Nxe6 Qxe6 20. Bf3 g5 21. Bh2 Re7 22. Qd3 Qg6 23. Rc1 h5 24. Rfd1 g4 25. hxg4 hxg4 26. Bxe4 fxe4 27. Qc2 Bf6 28. c5 dxc5 29. Qxc5 Bh4 30. Be5+ Kh7 31. Bf4 Ref7 32. Rd5 Be7 33. Qd4 c6 34. Rd7 Bf6 35. Rxf7+ Rxf7 36. Be5 Qf5 37. Bxf6 Rxf6 38. Qd2 Kg6 39. Rd1 Kg5 0-1

[Event "Gora Sw Anny op 1st"]
[Site "Gora Sw Anny"]
[Date "2008.02.22"]
[Round "7"]
[White "Malecki, Rafal"]
[Black "Pietroczuk, Roman"]
[Result "1-0"]
[WhiteElo "2144"]
[BlackElo "2027"]
[PlyCount "73"]
[EventDate "2008.02.18"]
[EventType "swiss"]
[EventRounds "9"]
[EventCountry "POL"]
[SourceTitle "CBM 122 Extra"]
[Source "ChessBase"]
[SourceDate "2008.03.04"]
[SourceVersion "1"]
[SourceVersionDate "2008.03.04"]
[SourceQuality "1"]

1. e4 c5 2. Nf3 a6 3. b3 d6 4. d4 cxd4 5. Nxd4 Nf6 6. Bd3 g6 7. Bb2 Bg7 8. 0-0 0-0 9. c4 Nbd7 10. Nc3 Nc5 11. Bc2 Bd7 12. Qd2 Qc7 13. Rac1 Ne6 14. Nde2 Rac8 15. Bb1 Qd8 16. Rfe1 Bc6 17. Ng3 Ng4 18. Rcd1 Nf6 19. h3 b5 20. Bd3 Nc7 21. Qe2 Qe8 22. f4 Nd7 23. Nd5 Nc5 24. Bxg7 Kxg7 25. Bb1 bxc4 26. Nb6 Rb8 27. Nxc4 Nd7 28. Qg4 Nf6 29. Qh4 Bb5 30. Nxd6 exd6 31. Nf5+ gxf5 32. Qg5+ Kh8 33. Qxf6+ Kg8 34. Re3 Be2 35. Rg3+ Bg4 36. exf5 h5 37. Qg5+ 1-0

[Event "Gora Sw Anny op 1st"]
[Site "Gora Sw Anny"]
[Date "2008.02.20"]
[Round "4"]
[White "Krzywda, Andrzej"]
[Black "Pietroczuk, Roman"]
[Result "1-0"]
[WhiteElo "2165"]
[BlackElo "2027"]
[PlyCount "61"]
[EventDate "2008.02.18"]
[EventType "swiss"]
[EventRounds "9"]
[EventCountry "POL"]
[SourceTitle "CBM 122 Extra"]
[Source "ChessBase"]
[SourceDate "2008.03.04"]
[SourceVersion "1"]
[SourceVersionDate "2008.03.04"]
[SourceQuality "1"]

1. Nf3 Nf6 2. d4 g6 3. c4 Bg7 4. Nc3 0-0 5. e4 d6 6. Be2 Na6 7. 0-0 c5 8. d5 Nc7 9. Bf4 a6 10. a4 Rb8 11. h3 Bd7 12. e5 Nfe8 13. a5 b5 14. axb6 Rxb6 15. Qd2 Qb8 16. Ra2 Na8 17. Ne4 Qb7 18. Bh6 Bf5 19. Bxg7 Kxg7 20. Ng3 Bc8 21. Bd3 h6 22. Re1 Rb4 23. Qe2 Nb6 24. Qe4 Qc7 25. Nh4 dxe5 26. Nh5+ Kg8 27. Nxg6 f5 28. Qxe5 Qxe5 29. Rxe5 Rf7 30. Nxe7+ Kf8 31. Ng6+ 1-0

[Event "POL-ch Seniors 18th"]
[Site "Rowy"]
[Date "2007.09.13"]
[Round "6.13"]
[White "Szydlowski, Wiktor"]
[Black "Pietroczuk, Roman"]
[Result "0-1"]
[WhiteElo "1926"]
[BlackElo "2042"]
[PlyCount "103"]
[EventDate "2007.09.09"]
[EventType "swiss"]
[EventRounds "9"]
[EventCountry "POL"]
[SourceTitle "EXT 2023"]
[Source "ChessBase"]
[SourceDate "2022.10.05"]
[SourceVersion "1"]
[SourceVersionDate "2022.10.05"]
[SourceQuality "1"]

1. e4 c5 2. Nf3 a6 3. g3 Nc6 4. Bg2 g6 5. d4 cxd4 6. Nxd4 Bg7 7. c3 Qc7 8. 0-0 Nf6 9. Be3 0-0 10. Nd2 d6 11. N2b3 Ne5 12. h3 Nc4 13. Bc1 Bd7 14. Rb1 Rac8 15. Re1 Rfd8 16. Nd2 b5 17. Nxc4 Qxc4 18. Qb3 Qc7 19. a3 h6 20. Be3 e5 21. Ne2 Bc6 22. Qc2 Qb7 23. Nc1 Nxe4 24. Nb3 d5 25. Na5 Qc7 26. Nxc6 Qxc6 27. Rbd1 f5 28. Kh2 Kh7 29. f4 exf4 30. Bxf4 g5 31. Be3 Be5 32. Bf2 Qc7 33. Rd3 Rd7 34. Red1 Rcd8 35. Bxe4 dxe4 36. Rxd7+ Rxd7 37. Kg2 Rxd1 38. Qxd1 Qd6 39. Qh5 Qe6 40. Qe2 Qd5 41. Qe3 Qc6 42. Qa7+ Kg6 43. Kg1 f4 44. Bd4 Bc7 45. gxf4 gxf4 46. Kf1 Kf5 47. Bh8 f3 48. Qd4 Qc4+ 49. Ke1 Qxd4 50. Bxd4 Kf4 51. Bg7 h5 52. b3 0-1